Grundlagen für eine expertensystembasierte Beurteilung des Internen Kontrollsystems bei Abschlussprüfungen.
Vlastnosti a fungovanie expertného systému. Metódy hodnotenia na báze logických pravidiel. Možnosti využitia a spôsobilosť niektorých metód ku špecifickým problémom skúšok. Skúšanie vnútorného kontrolného systému, jeho vymedzenie, potreba a vecný priebeh skúšky. Typické situácie skúšania (systém spr...
Salvato in:
| Autore principale: | |
|---|---|
| Altri autori: | |
| Natura: | Capitolo di libro |
| Lingua: | tedesco |
| Soggetti: | |
| Tags: |
Nessun Tag, puoi essere il primo ad aggiungerne!!
|
MARC
| LEADER | 00000naa a2200000 4500 | ||
|---|---|---|---|
| 001 | r005206 | ||
| 005 | 20221130103958.2 | ||
| 041 | 0 | |a ger | |
| 044 | |a DE | ||
| 245 | 1 | 0 | |a Grundlagen für eine expertensystembasierte Beurteilung des Internen Kontrollsystems bei Abschlussprüfungen. |c A. Drexl, F. Salewski |
| 520 | |a Vlastnosti a fungovanie expertného systému. Metódy hodnotenia na báze logických pravidiel. Možnosti využitia a spôsobilosť niektorých metód ku špecifickým problémom skúšok. Skúšanie vnútorného kontrolného systému, jeho vymedzenie, potreba a vecný priebeh skúšky. Typické situácie skúšania (systém spracovania dát o skutočnosti a ich interná kontrola, možné chyby spracovania). Posúdenie realizovanej kontroly. Postup práce v systéme. | ||
| 610 | 2 | 0 | |a systémy expertné |
| 610 | 2 | 0 | |a kontrola vnútorná |
| 610 | 2 | 0 | |a spracovanie dát |
| 100 | 1 | |a Drexl, A. | |
| 700 | 1 | |a Salewski, F. | |